| 000 | 00523nam a22001697a 4500 | ||
|---|---|---|---|
| 008 | 230531b |||||||| |||| 00| 0 eng d | ||
| 040 |
_aNational Science Library _cNational Science Library |
||
| 080 |
_a621.47(082.2) _bM4.1 |
||
| 245 | _aSolar world Congress | ||
| 260 |
_8New York: _aPergamon Press, _b1984 |
||
| 300 | _a732p. | ||
| 500 | _aVol. 1; 732p. Vol. 2; 733-1361p. Vol. 3; 1362-2062p. Vol. 4; 2063-2797p. | ||
| 650 | _aScience | ||
| 653 | _aResearch | ||
| 700 | _aSzokolay, S V (Ed.) | ||
| 942 |
_2udc _cBK |
||
| 999 |
_c37424 _d37424 |
||